Never have I ever #2 / by Sara Shepard.
Available copies
- 3 of 3 copies available at LARL/NWRL Consortium.
- 2 of 2 copies available at Lake Agassiz Regional Library. (Show preferred library)
Current holds
0 current holds with 3 total copies.
Show All Copies
| Location | Call Number / Copy Notes | Barcode | Shelving Location | Status | Due Date |
|---|---|---|---|---|---|
| Bagley Public Library | Y SHE (Text) | 33500011449394 | Main | Available | - |
| Crookston Public Library | Y SHE (Text) | 33500011449386 | Main | Available | - |
| Warroad Public Library | ya SHE (Text) | 35500004989412 | Main | Available | - |
Record details
- ISBN: 9780061869723
- ISBN: 0061869724
- Physical Description: 309 p. ; 22 cm.
- Edition: 1st ed.
- Publisher: New York : HarperTeen, c2011.
Content descriptions
| Summary, etc.: | When Emma Paxton steps into the life of her ... Read More |
Search for related items by subject
| Genre: | Mystery fiction. |
Search for related items by series
| LDR | 02043cam a2200529Ma 4500 | ||
|---|---|---|---|
| 001 | 133518 | ||
| 003 | LARL_NWRL_CONSORTIUM | ||
| 005 | 20110804101156.0 | ||
| 008 | 110718s2011 nyu j 000 1 eng d | ||
| 019 | . | ‡a742020555 | |
| 020 | . | ‡a9780061869723 | |
| 020 | . | ‡a0061869724 | |
| 035 | . | ‡a(OCoLC)747331713 ‡z(OCoLC)742020555 ‡z(OCoLC)670476086 | |
| 082 | 0 | 4. | ‡a[Fic] ‡223 |
| 082 | 1 | 4. | ‡a[Fic] ‡214 |
| 100 | 1 | . | ‡aShepard, Sara, ‡d1977- ‡0(LARL_NWRL_CONSORTIUM)196179 |
| 245 | 1 | 0. | ‡aNever have I ever ‡n#2 / ‡cby Sara Shepard. |
| 250 | . | ‡a1st ed. | |
| 260 | . | ‡aNew York : ‡bHarperTeen, ‡cc2011. | |
| 300 | . | ‡a309 p. ; ‡c22 cm. | |
| 490 | 0 | . | ‡aLying game; ‡v2 |
| 520 | . | ‡aWhen Emma Paxton steps into the life of her long-lost twin Sutton to solve her murder, she finds new suspects at every turn, while Sutton looks on from her afterlife. | |
| 650 | 1. | ‡aTwins ‡vFiction. ‡0(LARL_NWRL_CONSORTIUM)167632 | |
| 650 | 1. | ‡aSisters ‡vFiction. ‡0(LARL_NWRL_CONSORTIUM)167281 | |
| 650 | 1. | ‡aMurder ‡vFiction. ‡0(LARL_NWRL_CONSORTIUM)165989 | |
| 650 | 1. | ‡aDead ‡vFiction. | |
| 650 | 1. | ‡aMystery and detective stories. ‡0(LARL_NWRL_CONSORTIUM)176113 | |
| 650 | 7. | ‡aTwins ‡vFiction. ‡2sears ‡0(LARL_NWRL_CONSORTIUM)167632 | |
| 650 | 7. | ‡aSisters ‡vFiction. ‡2sears ‡0(LARL_NWRL_CONSORTIUM)167281 | |
| 650 | 7. | ‡aHomicide ‡vFiction. ‡2sears | |
| 650 | 7. | ‡aDead ‡vFiction. ‡2sears | |
| 650 | 0. | ‡aTwins ‡vJuvenile fiction. ‡0(LARL_NWRL_CONSORTIUM)167782 | |
| 650 | 0. | ‡aSisters ‡vJuvenile fiction. ‡0(LARL_NWRL_CONSORTIUM)167228 | |
| 650 | 0. | ‡aMurder ‡vJuvenile fiction. ‡0(LARL_NWRL_CONSORTIUM)173484 | |
| 650 | 0. | ‡aDead ‡vJuvenile fiction. | |
| 650 | 0. | ‡aMystery and detective stories. ‡0(LARL_NWRL_CONSORTIUM)176113 | |
| 655 | 7. | ‡aMystery fiction. ‡2sears | |
| 901 | . | ‡a133518 ‡bOCLC ‡c133518 ‡tbiblio | |

Add to basket
Permalink
Disable Highlighting